000 00587nam a22002057a 4500
003 OSt
005 20260610124815.0
008 260610b |||||||| |||| 00| 0 eng d
020 _a0325004374
040 _cChuka university library
050 _aLB 1050
_b.C2 2002
100 _aCaldwell, Michael P
_928256
245 _aWhere have all the bluebirds gone?
260 _aPortsmauth
_bElsevier
_c2002
300 _avarios pages
_bIllustated
650 _aReading
_911310
650 _aMixed ability grouping in education
_920214
650 _aGroup reading
_928257
942 _2lcc
_cBK
_n0
999 _c23811
_d23811